000 00535nam a2200181Ia 4500
005 20250508152513.0
008 008 250505s9999 xx 000 0 hin d
037 _aBooks to be hide in OPAC
040 _aFEDL
_beng
_cFEDL
041 _ahin
_2eng
084 _a520.954, CHA/O
_qFEDL
100 _aJharkhandi Shvinath
_9761638
245 0 _aBhartiya jyotish
260 _aUttar Pradesh, India
_bPrakashan Bureau, Suchana Vibhag
_c1957
300 _a715p.
942 _cHB
_h520.954, CHA/O
999 _c1336846
_d1336846